000 00356nam a2200121Ia 4500
008 240731s9999 xx 000 0 und d
022 _a1029-4945
245 0 _aOptimization : A Journal of Mathematical Programming and Operations Research
260 _bTaylor & Francis
856 _uhttps://www.tandfonline.com/loi/gopt20
942 _2ddc
942 _cTFEJ
999 _c78814
_d78814
945 _a1
_bMadushi Gamage
_c1
_dMadushi Gamage